000 00326nam a2200145Ia 4500
008 151213s9999 xx 000 0 und d
100 _aSkinner
245 _aBusiness
_cSkinner
260 _aU.S.A
_bIrwin
_c1992
300 _a2783 p.
650 _aManagement
650 _aManagement
700 _aSkinner
999 _c1893
_d1893